[Event "Athens of East GM-Open 2019"]
[Site "Madurai"]
[Date "2019.08.14"]
[Round "6.10"]
[White "Karthikeyan, P.."]
[Black "Nayak Rajesh"]
[Result "1-0"]
[WhiteElo "2415"]
[BlackElo "2250"]
[Annotator "NA"]
[PlyCount "91"]
[EventDate "2019.08.11"]
[EventType "swiss"]
[EventCountry "IND"]
[SourceTitle "playchess.com"]
[Source "ChessBase"]
[SourceQuality "1"]
[TimeControl "5400+30"]

1. d4 {[%emt 0:00:33]} d5 {[%emt 0:03:43]} 2. c4 {[%emt 0:00:12]} e6 {[%emt 0:00:42]} 3. Nc3 {[%emt 0:00:49]} Nf6 {[%emt 0:01:59]} 4. Bg5 {[%emt 0:00:07]} Nbd7 {[%emt 0:02:11]} 5. cxd5 {[%emt 0:01:00]} exd5 {[%emt 0:00:26]} 6. e3 {[%emt 0:00:08]} c6 {[%emt 0:02:56]} 7. Bd3 {[%emt 0:00:19]} Be7 {[%emt 0:00:12]} 8. Nge2 {[%emt 0:00:08]} O-O {[%emt 0:01:57]} 9. O-O {[%emt 0:02:22]} Re8 {[%emt 0:05:20]} 10. f3 {[%emt 0:00:36]} Nf8 {[%emt 0:01:18] D35: Queen's Gambit Declined: Exchange Variation} 11. Kh1 {[%emt 0:02:56]} (11. Bh4 Ne6 12. Kh1 b5 13. Qc2 g6 14. a3 a5 15. Rab1 b4 16. Na4 Bb7 17. axb4 axb4 18. b3 {1-0 (37) Matlakov,M (2700)-Moroni,L (2562) Caleta 2019}) 11... Nh5 {[%emt 0:08:59]} 12. Bxe7 {[%emt 0:00:48]} Qxe7 {[%emt 0:00:10]} 13. e4 {[%emt 0:00:05]} dxe4 {[%emt 0:10:50]} 14. fxe4 {[%emt 0:00:48]} Bg4 {[%emt 0:00:19]} 15. Qe1 $146 {[%emt 1:26:39]} ({Predecessor:} 15. Qd2 Rad8 16. Qe3 Ne6 17. h3 Bxe2 18. Bxe2 {1-0 (91) Ellenbroek,T (2087)-Van Run,R (2142) Dieren 2003}) 15... Rad8 {[%emt 0:06:40]} 16. Bc4 {[%emt 0:00:00]} Ne6 {[%emt 0:07:56]} 17. d5 {[%emt 0:00:00]} cxd5 {[%emt 0:02:25]} 18. exd5 {[%emt 0:00:00]} Nef4 {[%emt 0:10:25]} 19. Nxf4 {[%emt 0:00:00]} Qxe1 {[%emt 0:00:43]} 20. Raxe1 $11 {[%emt 0:00:00]} (20. Rd1 $2 {[%emt 0:02:30]} Qxf1+ 21. Rxf1 {[%emt 0:00:00]}) 20... Rxe1 {[%emt 0:00:21]} 21. Rxe1 {[%emt 0:00:00]} Nxf4 {[%emt 0:00:07]} 22. Re7 {[%emt 0:00:00]} (22. Re4) 22... Bd7 {[%emt 0:06:41]} 23. d6 {[%emt 0:00:00]} Ne6 {[%emt 0:03:40]} 24. Bd5 $14 {[%emt 0:00:00]} b6 {[%emt 0:07:07]} 25. Kg1 {[%emt 0:00:00]} Kf8 {[%emt 0:01:16]} 26. Kf2 {[%emt 0:00:00]} a5 {[%emt 0:01:19]} 27. Ke3 {[%emt 0:00:00]} h6 {[%emt 0:04:19]} 28. Ne4 {[%emt 0:00:00]} Kg8 {[%emt 0:05:45]} 29. a3 {[%emt 0:00:00]} Kf8 {[%emt 0:00:18]} 30. g3 {[%emt 0:00:00]} Kg8 {[%emt 0:00:53]} 31. h4 {[%emt 0:00:00]} Kf8 {[%emt 0:01:03]} 32. g4 {[%emt 0:00:00]} b5 {[%emt 0:02:26]} 33. g5 {[%emt 0:00:00]} hxg5 {[%emt 0:00:05]} 34. hxg5 {[%emt 0:00:00]} g6 {[%emt 0:00:27]} 35. b4 {[%emt 0:00:00]} axb4 {[%emt 0:00:12]} 36. axb4 {[%emt 0:00:00]} Bc8 {[%emt 0:01:08]} 37. Bxe6 {[%emt 0:00:00]} Bxe6 {[%emt 0:00:57]} 38. Nf6 {[%emt 0:00:00]} Rc8 {[%emt 0:01:00]} 39. Kd4 {[%emt 0:00:00]} Kg7 {[%emt 0:00:11]} 40. d7 {[%emt 0:00:00]} Bxd7 {[%emt 0:00:32]} 41. Rxd7 {[%emt 0:00:00]} Rc1 {[%emt 0:00:25]} 42. Rb7 {[%emt 0:00:00]} Rd1+ {[%emt 0:00:26]} 43. Kc3 {[%emt 0:00:00]} Rc1+ {[%emt 0:00:53]} 44. Kd2 {[%emt 0:00:00]} Rc4 {[%emt 0:00:13]} 45. Rxb5 {[%emt 0:00:00]} Rc8 {[%emt 0:00:42]} 46. Ne4 {[%emt 0:00:00]} 1-0

[Event "Athens of East GM-Open 2019"]
[Site "Madurai"]
[Date "2019.08.14"]
[Round "6.11"]
[White "Sahoo, Utkal Ranjan"]
[Black "Das, Sayantan"]
[Result "0-1"]
[WhiteElo "2278"]
[BlackElo "2409"]
[Annotator "NA"]
[PlyCount "134"]
[EventDate "2019.08.11"]
[EventType "swiss"]
[EventCountry "IND"]
[SourceTitle "playchess.com"]
[Source "ChessBase"]
[SourceQuality "1"]
[TimeControl "5400+30"]

1. d4 {[%emt 0:00:00]} Nf6 {[%emt 0:00:44]} 2. Bg5 {[%emt 0:00:00]} d5 {[%emt 0:00:27]} 3. e3 {[%emt 0:00:43]} c6 {[%emt 0:00:20]} 4. Bxf6 {[%emt 0:00:53]} exf6 {[%emt 0:00:35]} 5. g3 {[%emt 0:00:37]} (5. Bd3 Bd6 6. Nd2 O-O 7. Qf3 a5 8. Ne2 Na6 9. c3 Nc7 10. h4 Re8 11. g4 Ne6 12. O-O-O b5 13. Rdg1 g6 14. h5 Ng5 {½-½ (43) Mamedyarov,S (2809)-Kramnik,V (2800) Moscow 2018}) 5... Bd6 {[%emt 0:00:20]} 6. Bg2 {[%emt 0:00:07] D00: 1 d4 d5: Unusual lines} h5 {[%emt 0:01:47]} 7. h4 {[%emt 0:01:54]} Bg4 {[%emt 0:00:38]} 8. Qd3 {[%emt 0:02:16]} Nd7 $146 {[%emt 0:03:43]} ({Predecessor:} 8... Na6 9. Ne2 Qb6 10. f3 Qxb2 11. O-O Nb4 12. Qa3 Qxc2 13. Nbc3 {0-1 (37) Paltrinieri,N (2198)-Bogner,S (2527) Ortisei 2016}) 9. Nd2 {[%emt 0:03:15]} Qe7 {[%emt 0:01:55]} 10. Ne2 {[%emt 0:02:29]} O-O {[%emt 0:09:35]} 11. Bf3 {[%emt 0:14:00]} f5 {[%emt 0:09:25]} 12. Bxg4 {[%emt 0:12:16]} fxg4 {[%emt 0:00:09]} 13. Kf1 {[%emt 0:00:44]} c5 {[%emt 0:15:03]} 14. c3 {[%emt 0:11:19]} c4 {[%emt 0:03:01]} 15. Qc2 {[%emt 0:00:27]} b5 {[%emt 0:00:25]} 16. a3 {[%emt 0:00:33]} a5 {[%emt 0:00:36]} 17. Kg2 {[%emt 0:01:32]} Nf6 {[%emt 0:00:39]} 18. Rhe1 {[%emt 0:02:39]} Rfe8 {[%emt 0:00:32]} 19. Kf1 {[%emt 0:02:51]} g6 {[%emt 0:01:39]} 20. Kg2 {[%emt 0:06:18]} Kg7 $17 {[%emt 0:00:27]} 21. Reb1 {[%emt 0:01:31]} Ra6 {[%emt 0:06:20]} 22. Re1 {[%emt 0:01:32]} Ng8 {[%emt 0:02:56]} 23. Kf1 {[%emt 0:03:34]} Bc7 {[%emt 0:05:19]} 24. Nf4 {[%emt 0:03:22]} Nf6 {[%emt 0:00:38]} 25. Ng2 {[%emt 0:01:28]} Re6 {[%emt 0:01:19]} 26. Re2 {[%emt 0:01:06]} Bd6 {[%emt 0:03:59]} 27. b4 {[%emt 0:07:59]} Qc7 {[%emt 0:03:21]} 28. Kg1 {[%emt 0:09:05]} axb4 {[%emt 0:14:06]} 29. axb4 {[%emt 0:00:08]} Bxg3 {[%emt 0:00:11]} 30. fxg3 {[%emt 0:00:07]} Qxg3 {[%emt 0:00:05]} 31. Nf1 {[%emt 0:01:38]} Qh3 {[%emt 0:01:54]} 32. Nf4 {[%emt 0:03:43]} Qxh4 {[%emt 0:00:08]} 33. Nxe6+ {[%emt 0:00:32]} Rxe6 {[%emt 0:00:05]} 34. Rf2 {[%emt 0:02:24]} Ne4 {[%emt 0:03:51]} 35. Ra7 {[%emt 0:00:18]} Ng5 {[%emt 0:01:04]} 36. Qe2 {[%emt 0:02:52]} g3 {[%emt 0:02:37]} 37. Rf3 {[%emt 0:00:27]} Nxf3+ {[%emt 0:06:58]} 38. Qxf3 {[%emt 0:00:03]} Rf6 {[%emt 0:00:09]} 39. Qxd5 {[%emt 0:00:45]} Rf5 {[%emt 0:00:47]} 40. Qg2 {[%emt 0:01:38]} Rf2 {[%emt 0:00:14]} 41. Qd5 {[%emt 0:00:06]} g2 {[%emt 0:00:37]} 42. Qe5+ {[%emt 0:00:14]} Kh7 {[%emt 0:01:03]} 43. Ng3 {[%emt 0:01:25]} Rf5 {[%emt 0:00:30]} 44. Qxf5 {[%emt 0:00:38]} gxf5 {[%emt 0:00:12]} 45. Rxf7+ {[%emt 0:00:05]} Kg8 {[%emt 0:00:40]} 46. Rg7+ {[%emt 0:00:13]} Kh8 {[%emt 0:00:31]} 47. Kxg2 {[%emt 0:00:15]} f4 {[%emt 0:00:30]} 48. exf4 {[%emt 0:01:03]} Qxf4 {[%emt 0:00:09]} 49. Nxh5 {[%emt 0:00:55]} Qd2+ {[%emt 0:00:56]} 50. Kf3 {[%emt 0:00:11]} Qd1+ {[%emt 0:00:21]} 51. Kf4 {[%emt 0:00:07]} Qxh5 {[%emt 0:00:15]} 52. Rg3 {[%emt 0:00:05]} Qh2 {[%emt 0:00:35]} 53. Kf3 {[%emt 0:00:17]} Kh7 {[%emt 0:00:32]} 54. Kf4 {[%emt 0:01:07]} Kh6 {[%emt 0:00:38]} 55. Kg4 {[%emt 0:00:06]} Kg6 {[%emt 0:00:21]} 56. Rf3 {[%emt 0:00:21]} Qe2 {[%emt 0:00:19]} 57. Kf4 {[%emt 0:00:06]} Qe6 {[%emt 0:00:49]} 58. Rg3+ {[%emt 0:00:22]} Kf6 {[%emt 0:00:06]} 59. Rf3 {[%emt 0:00:12]} Qe2 {[%emt 0:00:38]} 60. Rg3 {[%emt 0:00:20]} Qh2 {[%emt 0:00:24]} 61. Kg4 {[%emt 0:00:10]} Ke6 {[%emt 0:00:25]} 62. Re3+ {[%emt 0:00:23]} Kf6 {[%emt 0:00:30]} 63. Rg3 {[%emt 0:00:30]} Qe2+ {[%emt 0:00:32]} 64. Kf4 {[%emt 0:00:21]} Qf2+ {[%emt 0:00:41]} 65. Rf3 {[%emt 0:01:26]} Qh4+ {[%emt 0:00:21]} 66. Ke3+ {[%emt 0:00:04]} Kg5 {[%emt 0:00:22]} 67. Rf1 {[%emt 0:01:54]} Qg3+ {[%emt 0:00:07]} 0-1

[Event "Athens of East GM-Open 2019"]
[Site "Madurai"]
[Date "2019.08.14"]
[Round "6.12"]
[White "Kiran, Manisha Mohanty"]
[Black "Muthaiah AL"]
[Result "1/2-1/2"]
[WhiteElo "2054"]
[BlackElo "2384"]
[Annotator "ChessBase"]
[PlyCount "46"]
[EventDate "2019.08.11"]
[EventType "swiss"]
[EventCountry "IND"]
[SourceTitle "playchess.com"]
[Source "ChessBase"]
[SourceQuality "1"]
[TimeControl "5400+30"]

1. e4 {[%emt 0:01:53]} c5 {[%emt 0:01:00]} 2. Nf3 {[%emt 0:00:07]} e6 {[%emt 0:00:57]} 3. d4 {[%emt 0:00:24]} cxd4 {[%emt 0:00:27]} 4. Nxd4 {[%emt 0:00:07]} Nc6 {[%emt 0:00:32]} 5. Nb5 {[%emt 0:00:07]} d6 {[%emt 0:00:39]} 6. c4 {[%emt 0:00:10]} Nf6 {[%emt 0:00:52]} 7. N1c3 {[%emt 0:00:08]} a6 {[%emt 0:00:56]} 8. Na3 {[%emt 0:00:05]} Be7 {[%emt 0:01:31]} 9. Be2 {[%emt 0:00:06]} O-O {[%emt 0:00:36]} 10. O-O {[%emt 0:00:05]} b6 {[%emt 0:00:35]} 11. Be3 {[%emt 0:00:07]} Bb7 {[%emt 0:00:25]} 12. Rc1 {[%emt 0:00:07]} Rc8 {[%emt 0:04:10]} 13. Nab1 {[%emt 0:05:10]} Ne5 {[%emt 0:07:47]} 14. Qd4 {[%emt 0:02:58]} Ned7 {[%emt 0:03:00]} 15. b4 {[%emt 0:04:19]} Qc7 {[%emt 0:03:58]} 16. f3 {[%emt 0:05:23]} Qb8 {[%emt 0:01:35]} 17. Rfd1 {[%emt 0:01:16]} Bd8 {[%emt 0:00:59]} 18. Qd2 {[%emt 0:02:42]} Bc7 {[%emt 0:02:58]} 19. Bf4 {[%emt 0:00:37]} Ne5 {[%emt 0:02:16]} 20. Bg5 {[%emt 0:00:22]} Ned7 {[%emt 0:08:33]} 21. Bf4 {[%emt 0:00:07]} Ne5 {[%emt 0:17:51]} 22. Bg5 {[%emt 0:00:13]} Ned7 {[%emt 0:04:47]} 23. Bf4 {[%emt 0:00:11]} Ne5 {[%emt 0:02:37]} 1/2-1/2

[Event "Athens of East GM-Open 2019"]
[Site "Madurai"]
[Date "2019.08.14"]
[Round "6.13"]
[White "Niraj, Saripalli"]
[Black "Mosadeghpour, Masoud"]
[Result "0-1"]
[WhiteElo "2150"]
[BlackElo "2494"]
[Annotator "ChessBase"]
[PlyCount "108"]
[EventDate "2019.08.11"]
[EventType "swiss"]
[EventCountry "IND"]
[SourceTitle "playchess.com"]
[Source "ChessBase"]
[SourceQuality "1"]
[TimeControl "5400+30"]

1. d4 {[%emt 0:00:00]} Nf6 {[%emt 0:02:15]} 2. Nf3 {[%emt 0:00:11]} g6 {[%emt 0:00:10]} 3. Nc3 {[%emt 0:00:36]} d5 {[%emt 0:00:20]} 4. Bf4 {[%emt 0:01:10]} Bg7 {[%emt 0:00:18]} 5. e3 {[%emt 0:01:20]} a6 {[%emt 0:02:04]} 6. Be2 {[%emt 0:03:34]} Nbd7 {[%emt 0:02:43]} 7. Ne5 {[%emt 0:05:43]} Nf8 {[%emt 0:00:53]} 8. h4 {[%emt 0:10:14]} Ne6 {[%emt 0:01:26]} 9. Bg3 {[%emt 0:04:08]} c5 {[%emt 0:04:13]} 10. Bf3 {[%emt 0:07:42]} cxd4 {[%emt 0:05:58]} 11. exd4 {[%emt 0:00:27]} Qb6 {[%emt 0:04:12]} 12. O-O {[%emt 0:13:24]} Qxd4 {[%emt 0:05:05]} 13. Re1 {[%emt 0:10:42]} O-O {[%emt 0:21:45]} 14. Nxd5 {[%emt 0:03:41]} Nxd5 {[%emt 0:01:53]} 15. Bxd5 {[%emt 0:01:59]} Qxb2 {[%emt 0:00:44]} 16. Rb1 {[%emt 0:03:15]} Qd4 {[%emt 0:02:08]} 17. Bxe6 {[%emt 0:08:25]} Qxd1 {[%emt 0:00:59]} 18. Bxf7+ {[%emt 0:01:52]} Rxf7 {[%emt 0:00:06]} 19. Rbxd1 {[%emt 0:06:35]} Bxe5 {[%emt 0:02:46]} 20. Rd8+ {[%emt 0:00:56]} Rf8 {[%emt 0:00:15]} 21. Rxf8+ {[%emt 0:00:07]} Kxf8 {[%emt 0:00:06]} 22. Bxe5 {[%emt 0:00:08]} Be6 {[%emt 0:01:20]} 23. a3 {[%emt 0:04:31]} Rc8 {[%emt 0:00:07]} 24. c3 {[%emt 0:00:38]} Rc4 {[%emt 0:00:42]} 25. Bd4 {[%emt 0:01:13]} Bd5 {[%emt 0:00:02]} 26. f3 {[%emt 0:05:50]} e6 {[%emt 0:00:56]} 27. Kf2 {[%emt 0:00:18]} Ke8 {[%emt 0:01:44]} 28. g3 {[%emt 0:02:12]} Ra4 {[%emt 0:00:25]} 29. Ra1 {[%emt 0:01:26]} Kd7 {[%emt 0:00:30]} 30. Ke3 {[%emt 0:00:46]} Ra5 {[%emt 0:01:19]} 31. f4 {[%emt 0:01:02]} Rb5 {[%emt 0:00:05]} 32. Rd1 {[%emt 0:01:00]} Rb3 {[%emt 0:00:07]} 33. a4 {[%emt 0:00:15]} Ra3 {[%emt 0:00:31]} 34. a5 {[%emt 0:01:02]} Rxa5 {[%emt 0:00:17]} 35. Rd2 {[%emt 0:00:29]} h5 {[%emt 0:00:45]} 36. Be5 {[%emt 0:00:33]} Kc6 {[%emt 0:01:04]} 37. Rd1 {[%emt 0:00:30]} Ra4 {[%emt 0:00:45]} 38. Rd4 {[%emt 0:00:16]} Ra3 {[%emt 0:00:05]} 39. Rd1 {[%emt 0:00:43]} b5 {[%emt 0:00:10]} 40. Bd4 {[%emt 0:00:25]} a5 {[%emt 0:00:46]} 41. Ke2 {[%emt 0:00:35]} Ra2+ {[%emt 0:00:31]} 42. Rd2 {[%emt 0:00:08]} Ra1 {[%emt 0:00:02]} 43. Kd3 {[%emt 0:00:45]} a4 {[%emt 0:00:23]} 44. Kc2 {[%emt 0:00:34]} Rf1 {[%emt 0:05:27]} 45. Kb2 {[%emt 0:00:34]} Rf3 {[%emt 0:00:09]} 46. Bf2 {[%emt 0:00:28]} Bc4 {[%emt 0:00:44]} 47. Be1 {[%emt 0:00:30]} Bd3 {[%emt 0:03:46]} 48. Ka3 {[%emt 0:00:28]} Kc5 {[%emt 0:00:40]} 49. Rb2 {[%emt 0:00:35]} Rf1 {[%emt 0:01:56]} 50. Bd2 {[%emt 0:00:24]} Kd5 {[%emt 0:05:50]} 51. Be3 {[%emt 0:00:36]} Ke4 {[%emt 0:00:52]} 52. Bd4 {[%emt 0:00:19]} Ra1+ {[%emt 0:00:21]} 53. Kb4 {[%emt 0:00:38]} a3 {[%emt 0:00:49]} 54. Rg2 {[%emt 0:00:36]} Bc4 {[%emt 0:00:47]} 0-1

[Event "Athens of East GM-Open 2019"]
[Site "Madurai"]
[Date "2019.08.14"]
[Round "6.14"]
[White "Saravana, Krishnan P."]
[Black "Lakshmi Narayanan M V"]
[Result "1/2-1/2"]
[WhiteElo "2277"]
[BlackElo "2166"]
[Annotator "NA"]
[PlyCount "120"]
[EventDate "2019.08.11"]
[EventType "swiss"]
[EventCountry "IND"]
[SourceTitle "playchess.com"]
[Source "ChessBase"]
[SourceQuality "1"]
[TimeControl "5400+30"]

1. e4 {[%emt 0:00:00]} c5 {[%emt 0:00:00]} 2. Nf3 {[%emt 0:00:00]} d6 {[%emt 0:00:10]} 3. d4 {[%emt 0:03:22]} cxd4 {[%emt 0:00:50]} 4. Nxd4 {[%emt 0:00:03]} Nf6 {[%emt 0:00:30]} 5. Nc3 {[%emt 0:00:18]} a6 {[%emt 0:00:44]} 6. h3 {[%emt 0:01:58]} e5 {[%emt 0:02:48]} 7. Nde2 {[%emt 0:00:50]} Be6 {[%emt 0:03:41]} 8. g4 {[%emt 0:00:29] B90: Sicilian Najdorf: Unusual White 6th moves, 6 Be3 Ng4 and 6 Be3 e5} Nc6 {[%emt 0:03:19]} (8... h6 9. Bg2 Nbd7 10. a4 Rc8 11. O-O Be7 12. Ng3 g6 13. Nd5 Bxd5 14. exd5 h5 15. g5 Nh7 {½-½ (52) Popov,I (2592)-Bindrich,F (2606) St Petersburg 2018}) 9. Bg2 {[%emt 0:00:12]} Be7 {[%emt 0:01:38]} 10. O-O {[%emt 0:00:31]} O-O {[%emt 0:00:54]} 11. Nd5 {[%emt 0:00:46]} Bxd5 {[%emt 0:01:52]} 12. exd5 {[%emt 0:00:07]} Nb8 {[%emt 0:00:37]} 13. Ng3 {[%emt 0:01:41]} Ne8 {[%emt 0:02:28]} 14. Be3 {[%emt 0:12:53]} Bg5 $146 {[%emt 0:01:28]} ({Predecessor:} 14... Nd7 15. Qd2 g6 {½-½ (47) Wrobel,M (1974)-Jurkowski,M (2017) Poland 2017}) 15. Qd2 {[%emt 0:05:46]} Bxe3 {[%emt 0:00:18]} 16. Qxe3 {[%emt 0:00:12]} Nd7 {[%emt 0:00:22]} 17. f4 {[%emt 0:01:50]} Rc8 {[%emt 0:03:13]} 18. c3 {[%emt 0:00:27]} exf4 {[%emt 0:02:51]} 19. Rxf4 {[%emt 0:00:15]} Ne5 {[%emt 0:02:14]} 20. Rb4 {[%emt 0:04:35]} b5 {[%emt 0:09:37]} 21. a4 {[%emt 0:02:29]} Nc4 {[%emt 0:02:59]} 22. Qd4 {[%emt 0:03:24]} Rb8 {[%emt 0:06:08]} 23. axb5 {[%emt 0:07:14]} axb5 {[%emt 0:00:26]} 24. Ra7 {[%emt 0:00:24]} g6 {[%emt 0:08:15]} 25. Ne4 {[%emt 0:05:00]} f5 $11 {[%emt 0:05:39]} 26. Nf2 {[%emt 0:05:22]} f4 {[%emt 0:03:47]} 27. Qe4 {[%emt 0:08:05]} Ne5 {[%emt 0:03:38]} 28. Qe1 {[%emt 0:05:40]} f3 {[%emt 0:06:08]} 29. Bf1 {[%emt 0:01:05]} Qh4 {[%emt 0:01:30]} 30. Kh2 {[%emt 0:06:50]} g5 {[%emt 0:07:20]} 31. Re7 {[%emt 0:03:14]} Rf4 {[%emt 0:02:31]} 32. Qe3 {[%emt 0:04:27]} Nf6 {[%emt 0:03:08]} 33. Rxe5 {[%emt 0:07:00]} dxe5 {[%emt 0:00:41]} 34. Rxf4 {[%emt 0:00:19]} gxf4 {[%emt 0:01:45]} 35. Qxf3 {[%emt 0:00:05]} Qg3+ {[%emt 0:00:31]} 36. Qxg3 {[%emt 0:00:05]} fxg3+ {[%emt 0:00:07]} 37. Kxg3 {[%emt 0:00:02]} Nxd5 {[%emt 0:00:36]} 38. Ne4 {[%emt 0:00:09]} Kg7 {[%emt 0:02:26]} 39. Nd6 {[%emt 0:03:28]} Nc7 {[%emt 0:02:27]} 40. Kf3 {[%emt 0:00:40]} Kf6 {[%emt 0:01:16]} 41. Ke4 {[%emt 0:00:12]} Rb6 {[%emt 0:01:51]} 42. Nf5 {[%emt 0:00:17]} Ra6 {[%emt 0:00:42]} 43. h4 {[%emt 0:03:15]} Ra4+ {[%emt 0:01:53]} 44. b4 {[%emt 0:01:33]} Ra1 {[%emt 0:00:54]} 45. Ne3 {[%emt 0:01:18]} h6 {[%emt 0:02:05]} 46. Bd3 {[%emt 0:02:50]} Ra3 {[%emt 0:01:04]} 47. c4 {[%emt 0:01:33]} Rb3 {[%emt 0:01:10]} 48. cxb5 {[%emt 0:00:40]} Rxb4+ {[%emt 0:00:22]} 49. Kf3 {[%emt 0:00:10]} Ke6 {[%emt 0:00:42]} 50. Bc4+ {[%emt 0:01:10]} Kd6 {[%emt 0:01:05]} 51. g5 {[%emt 0:00:42]} hxg5 {[%emt 0:00:28]} 52. hxg5 {[%emt 0:00:04]} Nxb5 {[%emt 0:00:47]} 53. g6 {[%emt 0:00:05]} Nd4+ {[%emt 0:00:32]} 54. Ke4 {[%emt 0:00:30]} Ne6 {[%emt 0:00:47]} 55. Kf5 {[%emt 0:00:14]} Ng7+ {[%emt 0:00:48]} 56. Kf6 {[%emt 0:00:05]} Nh5+ {[%emt 0:00:29]} 57. Kg5 {[%emt 0:00:13]} Ng7 {[%emt 0:00:17]} 58. Kf6 {[%emt 0:00:24]} Nh5+ {[%emt 0:00:14]} 59. Kg5 {[%emt 0:00:05]} Ng7 {[%emt 0:00:10]} 60. Kf6 {[%emt 0:00:18]} Nh5+ {[%emt 0:00:40]} 1/2-1/2

[Event "Athens of East GM-Open 2019"]
[Site "Madurai"]
[Date "2019.08.14"]
[Round "6.15"]
[White "Jayachandra Srinivas Vellanki"]
[Black "Prasannaa.s"]
[Result "0-1"]
[WhiteElo "1963"]
[BlackElo "2233"]
[Annotator "ChessBase"]
[PlyCount "126"]
[EventDate "2019.08.11"]
[EventType "swiss"]
[EventCountry "IND"]
[SourceTitle "playchess.com"]
[Source "ChessBase"]
[SourceQuality "1"]
[TimeControl "5400+30"]

1. d4 {[%emt 0:00:00]} a6 {[%emt 0:00:00]} 2. c4 {[%emt 0:00:10]} b5 {[%emt 0:00:00]} 3. b3 {[%emt 0:00:45]} Nf6 {[%emt 0:00:08]} 4. Nf3 {[%emt 0:00:07]} e6 {[%emt 0:00:19]} 5. e3 {[%emt 0:00:58]} bxc4 {[%emt 0:00:59]} 6. bxc4 {[%emt 0:00:06]} Bb7 {[%emt 0:00:04]} 7. Be2 {[%emt 0:01:24]} c5 {[%emt 0:04:26]} 8. O-O {[%emt 0:00:27]} cxd4 {[%emt 0:01:19]} 9. exd4 {[%emt 0:00:06]} d6 {[%emt 0:00:26]} 10. Nc3 {[%emt 0:06:22]} Nbd7 {[%emt 0:00:26]} 11. a4 {[%emt 0:06:23]} Be7 {[%emt 0:00:59]} 12. a5 {[%emt 0:00:25]} O-O {[%emt 0:00:22]} 13. Re1 {[%emt 0:01:45]} Ne4 {[%emt 0:00:54]} 14. Nxe4 {[%emt 0:05:52]} Bxe4 {[%emt 0:00:07]} 15. Bf1 {[%emt 0:01:03]} Bg6 {[%emt 0:00:15]} 16. Ba3 {[%emt 0:04:59]} Qc7 {[%emt 0:03:36]} 17. d5 {[%emt 0:03:04]} Bh5 {[%emt 0:07:32]} 18. dxe6 {[%emt 0:03:55]} fxe6 {[%emt 0:02:07]} 19. Rxe6 {[%emt 0:01:24]} Ne5 {[%emt 0:02:27]} 20. Be2 {[%emt 0:01:09]} Nxf3+ {[%emt 0:00:33]} 21. gxf3 {[%emt 0:00:25]} Rfd8 {[%emt 0:12:55]} 22. Bb2 {[%emt 0:04:05]} Bf7 {[%emt 0:00:49]} 23. Qd4 {[%emt 0:01:06]} Bf8 {[%emt 0:00:04]} 24. Re4 {[%emt 0:06:18]} d5 {[%emt 0:02:57]} 25. Rf4 {[%emt 0:02:50]} dxc4 {[%emt 0:00:43]} 26. Rxf7 {[%emt 0:00:12]} Qxf7 {[%emt 0:00:08]} 27. Bxc4 {[%emt 0:00:04]} Rxd4 {[%emt 0:00:08]} 28. Bxf7+ {[%emt 0:00:03]} Kxf7 {[%emt 0:00:08]} 29. Bxd4 {[%emt 0:00:02]} Rd8 {[%emt 0:01:02]} 30. Bb6 {[%emt 0:00:10]} Rc8 {[%emt 0:00:25]} 31. Kg2 {[%emt 0:00:48]} Ke6 {[%emt 0:00:05]} 32. Rd1 {[%emt 0:00:26]} Bd6 {[%emt 0:00:09]} 33. Bd4 {[%emt 0:01:44]} g6 {[%emt 0:00:28]} 34. Rb1 {[%emt 0:00:14]} Rc4 {[%emt 0:00:35]} 35. Be3 {[%emt 0:00:27]} Rb4 {[%emt 0:06:22]} 36. Rc1 {[%emt 0:03:46]} Kd7 {[%emt 0:00:27]} 37. Rd1 {[%emt 0:00:42]} Kc6 {[%emt 0:00:20]} 38. Rc1+ {[%emt 0:01:21]} Kb5 {[%emt 0:02:03]} 39. Bb6 {[%emt 0:01:33]} Rh4 {[%emt 0:01:06]} 40. h3 {[%emt 0:02:21]} Bb4 {[%emt 0:01:02]} 41. Rb1 {[%emt 0:00:25]} Rh5 {[%emt 0:01:09]} 42. Kg3 {[%emt 0:00:37]} Ka4 {[%emt 0:01:06]} 43. Ra1+ {[%emt 0:00:34]} Kb3 {[%emt 0:00:02]} 44. Rb1+ {[%emt 0:00:11]} Kc3 {[%emt 0:00:18]} 45. Ra1 {[%emt 0:01:06]} Kb2 {[%emt 0:03:08]} 46. Bd4+ {[%emt 0:00:50]} Kb3 {[%emt 0:00:02]} 47. Bb6 {[%emt 0:00:09]} Bc3 {[%emt 0:00:48]} 48. Rb1+ {[%emt 0:01:13]} Kc2 {[%emt 0:00:05]} 49. Rf1 {[%emt 0:01:16]} Bxa5 {[%emt 0:48:57]} 50. Bxa5 {[%emt 0:00:16]} Rxa5 {[%emt 0:00:00]} 51. Re1 {[%emt 0:00:04]} Rh5 {[%emt 0:00:00]} 52. f4 {[%emt 0:00:09]} a5 {[%emt 0:00:00]} 53. Re5 {[%emt 0:00:19]} Rf5 {[%emt 0:00:00]} 54. Re7 {[%emt 0:00:09]} a4 {[%emt 0:00:00]} 55. Ra7 {[%emt 0:00:34]} Kb3 {[%emt 0:00:00]} 56. Rxh7 {[%emt 0:00:27]} a3 {[%emt 0:00:00]} 57. Ra7 {[%emt 0:00:13]} a2 {[%emt 0:00:00]} 58. Kg4 {[%emt 0:01:13]} Rb5 {[%emt 0:00:00]} 59. h4 {[%emt 0:00:26]} Kb2 {[%emt 0:00:00]} 60. f5 {[%emt 0:00:02]} Rxf5 {[%emt 0:00:00]} 61. Rb7+ {[%emt 0:00:33]} Kc3 {[%emt 0:00:00]} 62. Ra7 {[%emt 0:00:29]} Kb3 {[%emt 0:00:00]} 63. Rb7+ {[%emt 0:00:13]} Ka4 {[%emt 0:00:00]} 0-1

[Event "Athens of East GM-Open 2019"]
[Site "Madurai"]
[Date "2019.08.14"]
[Round "6.16"]
[White "Hari Madhavan N B"]
[Black "Manigandan, S S"]
[Result "1/2-1/2"]
[WhiteElo "2231"]
[BlackElo "2100"]
[Annotator "NA"]
[PlyCount "62"]
[EventDate "2019.08.11"]
[EventType "swiss"]
[EventCountry "IND"]
[SourceTitle "playchess.com"]
[Source "ChessBase"]
[SourceQuality "1"]
[TimeControl "5400+30"]

1. Nf3 {[%emt 0:00:00]} Nf6 {[%emt 0:00:00]} 2. g3 {[%emt 0:00:00]} d5 {[%emt 0:00:05]} 3. d4 {[%emt 0:00:00]} g6 {[%emt 0:00:54]} 4. Bg2 {[%emt 0:00:00]} Bg7 {[%emt 0:00:05]} 5. O-O {[%emt 0:00:05]} O-O {[%emt 0:00:04]} 6. c4 {[%emt 0:00:05]} c6 {[%emt 0:00:03]} 7. b3 {[%emt 0:00:06]} a5 {[%emt 0:00:59]} 8. Nc3 {[%emt 0:00:21]} Ne4 {[%emt 0:05:27]} 9. Bb2 {[%emt 0:00:39]} Na6 {[%emt 0:18:27]} 10. cxd5 {[%emt 0:00:47]} Nxc3 {[%emt 0:01:30]} 11. Bxc3 {[%emt 0:00:12]} cxd5 {[%emt 0:00:07]} 12. Ne5 {[%emt 0:09:03]} b5 {[%emt 0:10:58]} 13. Qd2 {[%emt 0:10:55]} b4 {[%emt 0:01:36]} 14. Bb2 {[%emt 0:00:07]} e6 {[%emt 0:11:40]} 15. a3 {[%emt 0:09:03]} Bd7 {[%emt 0:02:45]} 16. axb4 {[%emt 0:00:54]} Nxb4 {[%emt 0:00:11]} 17. Bc3 {[%emt 0:03:35]} Bb5 {[%emt 0:05:55]} 18. Bf3 {[%emt 0:08:00]} f6 {[%emt 0:06:59]} 19. Bxb4 {[%emt 0:01:36]} axb4 {[%emt 0:00:19]} 20. Nd3 {[%emt 0:00:35]} Bxd3 {[%emt 0:00:54]} 21. Qxd3 {[%emt 0:00:43]} Qb6 {[%emt 0:02:04]} 22. Rxa8 {[%emt 0:00:34]} Rxa8 {[%emt 0:00:09]} 23. Rc1 {[%emt 0:00:03]} Bf8 {[%emt 0:02:06]} 24. e4 {[%emt 0:01:11]} dxe4 {[%emt 0:23:08]} 25. Qxe4 {[%emt 0:00:24]} Rd8 {[%emt 0:00:05]} 26. Rc6 {[%emt 0:03:10]} Qxd4 {[%emt 0:00:07]} 27. Qxe6+ {[%emt 0:00:09]} Kh8 {[%emt 0:00:02]} 28. Rc7 {[%emt 0:07:32]} Bg7 {[%emt 0:01:43]} 29. h4 {[%emt 0:08:00]} f5 {[%emt 0:03:26]} 30. Rc8 {[%emt 0:01:55]} Qf6 {[%emt 0:01:44]} 31. Bd5 {[%emt 0:00:47]} Rxc8 {[%emt 0:00:24]} 1/2-1/2